000 01222nam a2200301 cb4500
001 000030526
003 RuMoIPM
005 20260507131837.0
008 230210s1990 ru ||||||| |||| ||rus d
020 _a5-02-014457-6
035 _a(RuMoBEN) 002100755
035 _a(ELAR retro) [2022] 000121774
040 _aRuMoBEN
_brus
_ercr
041 0 _arus
044 _aru
080 _a51(07)
080 _a517(07)
080 _a517.3(07)
245 1 0 _aЧ. 4
_bМетоды оптимизации уравнения в частных производных. Интегральные уравнения
_c[Э. А. Вуколов, А. В. Ефимов, В. Н. Земсков и др.]
260 _c1990
300 _a302, [1] с.
_bил.
504 _aБиблиогр.: с. 299
700 1 _aВуколов, Эдуард Александрович
700 1 _aЕфимов Александр Васильевич
700 1 _aЗемсков, Владимир Николаевич
773 _tСборник задач по математике для втузов: [учебное пособие]
_dМосква: Наука, 1986-
_w000030525
_b2-е изд., перераб
_z5-02-014338-3
942 _cBK
999 _c30526
_d30526